000 00191nam a2200085 4500
001 1258023
005 20260223140050.0
245 _aKÜÇÜK PRENS MBAPPE
_cDİEGO ROBERTO
260 _bDOKUZ ÇOCUK
999 _c1258023
_d1258023